[Event "GER-chT U20 Girls"]
[Site "Kiel"]
[Date "2022.07.25"]
[Round "5.4"]
[White "Neitzel, Emma"]
[Black "Weiss, Sara"]
[Result "1-0"]
[WhiteElo "1135"]
[BlackElo "714"]
[PlyCount "31"]
[EventDate "2022.07.22"]
[EventType "team-swiss"]
[EventRounds "7"]
[EventCountry "GER"]
[SourceTitle "CBM 209 Extra"]
[Source "ChessBase"]
[SourceDate "2022.09.30"]
[SourceVersion "1"]
[SourceVersionDate "2022.09.30"]
[SourceQuality "1"]
[WhiteTeam "Elmshorn"]
[BlackTeam "Kelheim"]
[WhiteTeamCountry "GER"]
[BlackTeamCountry "GER"]

1. e4 Nf6 2. Nc3 e5 3. Nf3 d6 4. Bc4 Bg4 5. h3 Be6 6. Bxe6 fxe6 7. 0-0 Be7 8. d4 exd4 9. Nxd4 d5 10. Nxe6 Qd6 11. exd5 Nxd5 12. Nxd5 Nc6 13. Nexc7+ Kd8 14. Nxa8 Qb8 15. Nf6+ Kc8 16. Qd7# 1-0